书目信息 |
| 题名: |
中国保险业改革与发展前沿问题
|
|
| 作者: | 江生忠 著 | |
| 分册: | ||
| 出版信息: | 北京 机械工业出版社 2006.01 |
|
| 页数: | 339页 | |
| 开本: | 20cm | |
| 丛书名: | ||
| 单 册: | ||
| 中图分类: | F842-53 | |
| 科图分类: | ||
| 主题词: | 保险 | |
| 电子资源: | ||
| ISBN: | 978-7-111-18066-1 | |
| 000 | 00604nam0 2200217 45 | |
| 001 | 0940875381 | |
| 005 | 20091107112210.98 | |
| 010 | @a978-7-111-18066-1@dCNY36.00 | |
| 100 | @a20090515d2006 ekmy0 y0120 ea | |
| 102 | @aCN@b130000 | |
| 102 | @aCN@b110000 | |
| 105 | @ay z 000yy | |
| 200 | 1 | @a中国保险业改革与发展前沿问题@f江生忠等著@Fjiang sheng zhong deng zhu |
| 210 | @a北京@c机械工业出版社@d2006.01 | |
| 215 | @a339页@d20cm | |
| 606 | 0 | @a保险 |
| 690 | @aF842-53@v4 | |
| 701 | 0 | @a江生忠@Ajiang sheng zhong@4著 |
| 801 | 0 | @aCN@c20091107 |
| 905 | @a10447@dF842-53@eJ370 | |
| 906 | @d36@n1@r1 | |
| 中国保险业改革与发展前沿问题/江生忠等著.-北京:机械工业出版社,2006.01 |
| 339页;20cm |
| ISBN 978-7-111-18066-1:CNY36.00 |
| ● |
| 相关链接 |
|
|
|
正题名:中国保险业改革与发展前沿问题
索取号:F842-53/J370
 
预约/预借
| 序号 | 登录号 | 条形码 | 馆藏地/架位号 | 状态 | 备注 |
| 1 | 896876 | 208968768 | 社科库409/409社科库 55排3列4层/ [索取号:F842-53/J370] | 在馆 |